000 00331nam a2200157Ia 4500
003 RNL
008 090707b ii f a fnsan d
040 _aeng
100 _aNanak Singh
_919990
245 _aPavitar papi
260 _aAmtirsar
260 _bLok Sahit Prakashan
260 _c2003
300 _a167p.
942 _cBK
999 _c17200
_d17200